Statistics for 2022 Ballon d'Or Nominees

Click here to take the quiz!

General Stats

  • This quiz has been taken 7 times
  • The average score is 13 of 30

Answer Stats

Nominees% Correct
Karim Benzema
100%
Cristiano Ronaldo
83%
Luka Modric
83%
Mohamed Salah
83%
Robert Lewandowski
83%
Sadio Mané
83%
Virgil Van Dijk
83%
Erling Haaland
67%
Kevin de Bruyne
67%
Kylian Mbappé
67%
Thibaut Courtois
50%
Trent Alexander-Arnold
50%
Vinicius Jr
50%
Casemiro
33%
Dusan Vlahovic
33%
Fabinho
33%
Harry Kane
33%
Joao Cancelo
33%
Joshua Kimmich
33%
Phil Foden
33%
Ryiad Mahrez
33%
Antonio Rüdiger
17%
Bernardo Silva
17%
Cristopher Nkunku
17%
Darwin Nuñez
17%
Heung-Min Son
17%
Luis Díaz
17%
Sébastien Haller
17%
Mike Maignan
0%
Rafael Leao
0%

Score Distribution

Percentile by Number Answered

Percent of People with Each Score

Your Score History

You have not taken this quiz